000 00701cam a22002411a 4500
001 16687
003 BD-RjUL
005 20211209000035.0
008 140215s1944 nyu 000 0 eng
035 _a(BD-RjUL)16742
035 _a(OCoLC)280338
040 _aDLC
_cODaWU
_dOCoLC
_dTxU
_dOU
_dDLC
_dBD-RjUL
_beng
041 _aeng
082 0 4 _219
_a813.5
_bBAH 1944
100 1 _aBaum, Vicki,
_d1888-1960.
_951546
245 1 0 _aHotel Berlin '43 /
_cVicki Baum.
260 _aGarden City, N.Y. :
_bDoubleday, Doran & Company, inc.,
_c1944.
300 _a250 p. ;
_c21 cm.
650 7 _aManners and customs.
_925140
942 _2ddc
_cBK
999 _c16687
_d16687